| 000 | 01451cam a22001814a 4500 | ||
|---|---|---|---|
| 005 | 20250605164343.0 | ||
| 008 | 250528s ||||||||||||||||||||||||d | ||
| 035 | _a23741 | ||
| 040 |
_aGR-AtMCL _bgre _dGR-AtMCL _eAACR2 |
||
| 245 | 1 | _aΟ Ρόλος της Συναισθηματικής Νοημοσύνης στην Επαγγελματική Επιτυχία. | |
| 260 | _c2013 | ||
| 300 | _a36 | ||
| 520 | _aΕισαγωγή, η Έννοια της Συναισθηματικής Νοημοσύνης Ορισμοί, Εργαλεία Μέτρησης της Συναισθηματικής Νοημοσύνης, Μοντέλα που έχουν Αναπτυχθεί σχετικά με τη Συναισθηματική Νοημοσύνη, Ηγεσία, Διοίκηση και ο Ρόλος της Συναισθηματικής Νοημοσύνης στο Εργασιακό Περιβάλλον, η Σημασία και ο Ρόλος της Συναισθηματικής Νοημοσύνης στον Εργασιακό Χώρο, Επιδρασή στην Επαγγελματική Πορεία, Επιβράβευση και Επιτυχία Λόγω Υψηλής Συναισθηματικής Νοημοσύνης, Μελέτες Περίπτωσεις, Κριτική Ανάλυση, Βιβλιογραφία, Παράρτημα. | ||
| 700 | 1 |
_aΠαπαζωή Σοφία _99287 |
|
| 942 | _cDS | ||
| 999 |
_c8690 _d8690 |
||